| 000 | 00346nam a22001217a 4500 | ||
|---|---|---|---|
| 020 | _a978-0-24-051924-1 | ||
| 082 | _a621.382 | ||
| 100 | _aAusterberry, David | ||
| 245 |
_aDidital Asset Management: _bHow to Realize the Value of Video and Image Libraries |
||
| 260 |
_aBoston: _bFocal Press, _c2004 |
||
| 300 | _axi, 354p.: ill.; 25cm | ||
| 942 | _cBK | ||
| 999 |
_c22208 _d22208 |
||